French Football A-Z - Statistics

General Stats
  • This quiz has been taken 204 times
  • The average score is 18 of 25
Answer Stats
Clue Answer % Correct
P Biggest club from the capital of France Paris Saint-Germain
95%
Z Got a red card in the World Cup final in 2006 Zinedine Zidane
92%
K Top scorer of the French League in 2018/19: ____ Mbappé Kylian
90%
M Title winner that's not officially from France: AS ____ Monaco
90%
G Made a transfer in 2019 from Atlético Madrid to Barcelona Antoine Griezmann
89%
B Nickname national team: Les ___ Bleus
89%
O Club that won the league 7 times in a row Olympique Lyonnais
85%
H All-time top scorer national team Thierry Henry
85%
W Managed Arsenal from 1996 to 2018 Arsène Wenger
84%
E Most title wins in French top league: AS Saint _____ Étienne
83%
R Played for Bayern Munich from 2007 to 2019 Franck Ribéry
80%
L Winner of the French league in 2010/11 Lille OSC
80%
J First name of Papin Jean-Pierre
75%
N Won the French league 8 times FC Nantes
74%
U Went from Lyonnais to Barcelona in 2016 Samuel Umtiti
70%
V Played for Arsenal from 1996 to 2005 Patrick Vieira
65%
Q Owner of the club above Qatar Sports Investment
65%
C "The King" Éric Cantona
63%
S National team home stadium Stade de France
61%
Y First name of Cabaye Yohan
61%
A Won the French league once AJ Auxerre
47%
T Most caps national team Lilian Thuram
47%
D Played 116 matches for the French national team Marcel Desailly
46%
F French FA FFF
33%
I Made his debut in the French national team in 2019 Jonathan Ikoné
14%
No matching quizzes found
Score Distribution
Percent of People with Each Score
Percentile by Number Answered
Your Score History
You have not taken this quiz